Mexico Cities Map Quiz - Statistics

General Stats
  • This quiz has been taken 38,728 times
  • The average score is 8 of 14
Answers on the Map
Answers color-coded by a green-red scale on the quiz's map according to % correct below.
 
Answer Stats
Answer % Correct
Mexico City
89%
Tijuana
77%
Cancun
76%
Cabo San Lucas
64%
Juarez
64%
Chihuahua
62%
Guadalajara
61%
Monterrey
59%
Oaxaca
57%
Acapulco
54%
Mérida
50%
San Luis Potosí
43%
Tampico
36%
Guaymas
34%
No matching quizzes found
Score Distribution
Percent of People with Each Score
Percentile by Number Answered
Your Score History
You have not taken this quiz